Blogy: publikuj a prosperuj blogování pro váš business
Salvato in:
| Autore principale: | |
|---|---|
| Altri autori: | , |
| Natura: | Libro |
| Lingua: | ceco |
| Pubblicazione: |
Praha
Grada Publishing
2008
|
| Serie: | New riders
|
| Soggetti: | |
| Tags: |
Nessun Tag, puoi essere il primo ad aggiungerne!!
|
MARC
| LEADER | 00000nam$a2200000$$$4500 | ||
|---|---|---|---|
| 001 | 0076374 | ||
| 005 | 20231215114827.8 | ||
| 020 | |a 978-80-247-2064-7 | ||
| 041 | 0 | |a cze | |
| 044 | |a CZ | ||
| 245 | 1 | 0 | |a Blogy: publikuj a prosperuj |b blogování pro váš business |c DL Byron a Steve Broback ; prekl. Jiří Hynek |
| 264 | 1 | |a Praha |b Grada Publishing |c 2008 | |
| 300 | |a xiv, 186 s. | ||
| 490 | 1 | |a New riders | |
| 830 | 0 | |a New riders | |
| 610 | 2 | 0 | |a technológie informačné |
| 610 | 2 | 0 | |a internet |
| 610 | 2 | 0 | |a komunikácia |
| 610 | 2 | 0 | |a marketing |
| 610 | 2 | 0 | |a komunikácia marketingová |
| 610 | 2 | 0 | |a správanie spotrebiteľa |
| 100 | 1 | |a Byron, DL | |
| 700 | 1 | |a Broback, Steve | |
| 700 | 1 | |a Hynek, Jiří | |